The thirsty crow. (Record no. 104351)
[ view plain ]
| 000 -LEADER | |
|---|---|
| fixed length control field | 00230nam a2200097 a 4500 |
| 005 - DATE AND TIME OF LATEST TRANSACTION | |
| control field | 20140412111320.0 |
| 008 - FIXED-LENGTH DATA ELEMENTS--GENERAL INFORMATION | |
| fixed length control field | 110121s19uu xx 00 eng d |
| 050 ## - LIBRARY OF CONGRESS CALL NUMBER | |
| Classification number | TR(PS E |
| Item number | Th32 2006 |
| 245 ## - TITLE STATEMENT | |
| Title | The thirsty crow. |
| Withdrawn status | Lost status | Damaged status | Home library | Current library | Shelving location | Date acquired | Total Checkouts | Full call number | Barcode | Date last seen | Price effective from | Koha item type |
|---|---|---|---|---|---|---|---|---|---|---|---|---|
| Elizalde Library | Elizalde Library | Teachers Reference Section | 01/21/2011 | TR(PS E Th32 2006 | E7429 | 04/12/2014 | 04/12/2014 | Books |